000 00622nam a22001937a 4500
003 OSt
005 20250829075052.0
008 250829b |||||||| |||| 00| 0 eng d
020 _a978-621-918-237-4
040 _aDWC-Main Lib
_cOC
082 _aFil. 363.7 C652e 2022
100 _aCobar, Leslie C.
245 _aEnvironmental science for all/
_cLeslie C. Cobar
260 _aQuezon City, Philippines :
_bWiseman's Books Trading Inc.,
_cc2022.
300 _aiii, 110 pages :
_billustrations ;
_c22cm.
650 _a1. Environmental protection.
650 _a2. Environmental Science.
942 _2ddc
_cBK - FIL
_kFil.
_n0
999 _c4359
_d4359